[Event "EU-Cup 37th"]
[Site "Mayrhofen"]
[Date "2022.10.05"]
[Round "3.6"]
[White "Friedrich, Norbert"]
[Black "Finnsson, Johann Arnar"]
[Result "1-0"]
[WhiteElo "2243"]
[BlackElo "1891"]
[PlyCount "45"]
[EventDate "2022.10.03"]
[EventType "team-swiss"]
[EventRounds "7"]
[EventCountry "AUT"]
[SourceTitle "CBM 210 Extra"]
[Source "ChessBase"]
[SourceDate "2022.11.30"]
[SourceVersion "1"]
[SourceVersionDate "2022.11.30"]
[SourceQuality "1"]
[WhiteTeam "Zuerich SG"]
[BlackTeam "Fjolnir"]
[WhiteTeamCountry "SUI"]
[BlackTeamCountry "ISL"]

1. e4 d5 2. exd5 Qxd5 3. Nc3 Qd8 4. d4 c6 5. Bc4 Bf5 6. Nf3 Nf6 7. Ne5 e6 8. g4 Bg6 9. h4 Bb4 10. f3 Bxc2 11. Qxc2 Qxd4 12. Qe2 Bxc3+ 13. bxc3 Qxc3+ 14. Kf2 Qxa1 15. Nxf7 0-0 16. Qxe6 Qd4+ 17. Kg2 Qd7 18. Ne5+ Qxe6 19. Bxe6+ Kh8 20. h5 Na6 21. Ng6+ hxg6 22. hxg6+ Nh5 23. Rxh5# 1-0

[Event "SUI-chT"]
[Site "Switzerland"]
[Date "2021.11.07"]
[Round "7.8"]
[White "Friedrich, Norbert"]
[Black "Frommherz, Stefan Martin"]
[Result "1-0"]
[WhiteElo "2284"]
[BlackElo "1750"]
[PlyCount "99"]
[EventDate "2021.08.29"]
[EventType "team-tourn"]
[EventRounds "9"]
[EventCountry "SUI"]
[SourceTitle "EXT 2023"]
[Source "ChessBase"]
[SourceDate "2022.10.05"]
[SourceVersion "1"]
[SourceVersionDate "2022.10.05"]
[SourceQuality "1"]
[WhiteTeam "Zuerich"]
[BlackTeam "Bodan"]
[WhiteTeamCountry "SUI"]
[BlackTeamCountry "SUI"]

1. e4 d5 2. exd5 Nf6 3. Nf3 Nxd5 4. d4 c6 5. c4 Nf6 6. h3 Bf5 7. Nc3 h6 8. Bd3 Bxd3 9. Qxd3 e6 10. 0-0 Bd6 11. b3 Nbd7 12. Bb2 0-0 13. Rad1 Re8 14. Rfe1 Qa5 15. Qb1 Qh5 16. Ne4 Nxe4 17. Qxe4 Rad8 18. Qc2 f5 19. Re3 Bf4 20. Ree1 Nf6 21. Ne5 Ne4 22. Bc1 Bg5 23. Bxg5 hxg5 24. Rd3 Re7 25. Qd1 Qh6 26. Qe2 Rf8 27. Red1 Qf6 28. b4 g6 29. Qe1 Rh7 30. f3 Nd6 31. Re3 Re8 32. Re2 Rhe7 33. Qc3 Rh7 34. Rde1 Rhe7 35. a4 Nf7 36. Rd1 Nh6 37. Qe1 Rd8 38. b5 cxb5 39. axb5 f4 40. d5 Qf5 41. d6 Rh7 42. c5 Nf7 43. Rc1 Kf8 44. d7 Qf6 45. c6 Nxe5 46. Rxe5 g4 47. c7 Rhxd7 48. cxd8Q+ Qxd8 49. fxg4 Rd2 50. Rc8 1-0

[Event "EU-Cup 35th"]
[Site "Ulcinj"]
[Date "2019.11.15"]
[Round "6.13"]
[White "Friedrich, Norbert"]
[Black "Noiroux, Kevin"]
[Result "1/2-1/2"]
[WhiteElo "2263"]
[BlackElo "2170"]
[PlyCount "200"]
[EventDate "2019.11.10"]
[EventType "team-swiss"]
[EventRounds "7"]
[EventCountry "MNE"]
[SourceTitle "CBM 193 Extra"]
[Source "ChessBase"]
[SourceDate "2020.01.31"]
[SourceVersion "1"]
[SourceVersionDate "2020.01.31"]
[SourceQuality "1"]
[WhiteTeam "Zuerich SG"]
[BlackTeam "Mosan Echiquier"]
[WhiteTeamCountry "SUI"]
[BlackTeamCountry "NED"]

1. e4 c5 2. Nf3 e6 3. d4 cxd4 4. Nxd4 a6 5. c4 Nf6 6. Nc3 d6 7. Be2 Be7 8. 0-0 Qc7 9. Be3 Nbd7 10. f4 Nc5 11. Qc2 e5 12. Nf5 Bxf5 13. exf5 Rc8 14. Rad1 Ncd7 15. Rd2 0-0 16. g4 exf4 17. Rxf4 h6 18. Rfd4 Ne5 19. Qd1 d5 20. Nxd5 Nxd5 21. Rxd5 Nxc4 22. Rd7 Nxe3 23. Rxc7 Rxc7 24. Qb3 Bc5 25. Rd3 Nxf5+ 26. Kf1 Nd4 27. Qd5 Nxe2 28. Kxe2 Re8+ 29. Kf1 b6 30. Qf3 Rce7 31. Qd1 Re6 32. Rd8 Rf6+ 33. Kg2 Rxd8 34. Qxd8+ Kh7 35. Qd3+ g6 36. Qc3 Rf2+ 37. Kg3 a5 38. h4 Re2 39. Qc4 Re6 40. a3 Kg8 41. b4 axb4 42. axb4 Bd6+ 43. Kf3 Be7 44. Kg3 Bf6 45. Qb5 Kg7 46. g5 Bd4 47. gxh6+ Kxh6 48. Qg5+ Kh7 49. Qd5 Bf6 50. Kg4 Kg7 51. Qb7 Rd6 52. b5 Bd4 53. Qe7 Rd5 54. Qe8 Rh5 55. Qc6 Bc5 56. Kg3 Re5 57. Kf4 Re6 58. Qd5 Re7 59. h5 Re6 60. hxg6 Rf6+ 61. Ke4 fxg6 62. Qe5 Kf7 63. Qd5+ Kf8 64. Qd8+ Kg7 65. Qc7+ Kf8 66. Qd8+ Kf7 67. Qc7+ Be7 68. Qc4+ Re6+ 69. Kf3 Bc5 70. Kg4 Ke7 71. Qd5 Kf6 72. Qg5+ Kf7 73. Qd5 Kf6 74. Qg5+ Kg7 75. Qd5 Rd6 76. Qe5+ Kf7 77. Kg5 Re6 78. Qd5 Be3+ 79. Kg4 Bc5 80. Kg5 Ke7 81. Kg4 Be3 82. Kf3 Bc5 83. Kg4 Rd6 84. Qb7+ Kf6 85. Qf3+ Ke5 86. Kg5 Kd4 87. Qb3 Rd5+ 88. Kxg6 Re5 89. Qb2+ Kd5 90. Qb3+ Kd6 91. Kf6 Re3 92. Qd1+ Kc7 93. Qd5 Re7 94. Qc6+ Kb8 95. Qd5 Kc7 96. Qa8 Re3 97. Qc6+ Kb8 98. Qd5 Kc7 99. Qc6+ Kb8 100. Qd5 Kc7 1/2-1/2

[Event "EU-Cup 34th"]
[Site "Porto Carras"]
[Date "2018.10.15"]
[Round "4.6"]
[White "Zlatin, Alexander"]
[Black "Friedrich, Norbert"]
[Result "0-1"]
[WhiteElo "2249"]
[BlackElo "2259"]
[PlyCount "124"]
[EventDate "2018.10.12"]
[EventType "team-swiss"]
[EventRounds "7"]
[EventCountry "GRE"]
[SourceTitle "CBM 187"]
[Source "ChessBase"]
[SourceDate "2018.12.11"]
[SourceVersion "1"]
[SourceVersionDate "2018.12.11"]
[SourceQuality "1"]
[WhiteTeam "Rehovot"]
[BlackTeam "Zuerich SG"]
[WhiteTeamCountry "ISR"]
[BlackTeamCountry "SUI"]

1. e4 c5 2. c3 d5 3. exd5 Qxd5 4. d4 Nf6 5. Nf3 e6 6. Bd3 Be7 7. 0-0 0-0 8. Qe2 Nc6 9. Rd1 cxd4 10. cxd4 Nb4 11. Nc3 Qh5 12. Bb1 b6 13. a3 Nbd5 14. Nxd5 Nxd5 15. Be4 Bb7 16. Bd2 Rab8 17. Rac1 Bd6 18. h3 Ne7 19. Bxb7 Rxb7 20. Qe4 Qd5 21. Qxd5 Nxd5 22. Rc6 Rd8 23. Rdc1 f6 24. g3 Kf7 25. Kf1 Ke7 26. Ke2 Kd7 27. R6c2 Rc7 28. Kd3 Rdc8 29. Rxc7+ Rxc7 30. Rxc7+ Kxc7 31. Ne1 b5 32. Ba5+ Kc6 33. Nc2 a6 34. Bd2 Kb6 35. Ne3 Nxe3 36. Bxe3 Kc6 37. g4 Kd5 38. f3 a5 39. h4 a4 40. Bd2 g6 41. h5 gxh5 42. gxh5 Bc7 43. Bb4 Bb6 44. Bc3 Ba7 45. f4 f5 46. b3 axb3 47. Bb2 Bb6 48. Bc3 Bc7 49. Bd2 Bd6 50. Bc1 b2 51. Bxb2 Bxf4 52. Bc3 Bc1 53. Bb4 Bb2 54. Ke3 Bxd4+ 55. Kf4 Bg7 56. Kg5 Ke4 57. h6 Be5 58. Bf8 f4 59. Kg4 f3 60. Kh3 Kf5 61. Bg7 Bf4 62. Bf8 e5 0-1

[Event "Cesenatico op 21st"]
[Site "Cesenatico"]
[Date "2017.09.06"]
[Round "5"]
[White "Lalic, Bogdan"]
[Black "Friedrich, Norbert"]
[Result "1/2-1/2"]
[WhiteElo "2438"]
[BlackElo "2258"]
[PlyCount "29"]
[EventDate "2017.09.02"]
[EventType "swiss"]
[EventRounds "9"]
[EventCountry "ITA"]
[SourceTitle "CBM 180 Extra"]
[Source "ChessBase"]
[SourceDate "2017.10.06"]
[SourceVersion "1"]
[SourceVersionDate "2017.10.06"]
[SourceQuality "1"]

1. d4 d5 2. c4 c6 3. Nf3 Nf6 4. Nc3 dxc4 5. a4 e6 6. e3 c5 7. Bxc4 Nc6 8. 0-0 cxd4 9. Nxd4 Bd7 10. Qe2 Qb8 11. Rd1 Bd6 12. h3 0-0 13. Nf3 Rd8 14. e4 Ne5 15. Bg5 1/2-1/2

[Event "Zuerich Chess Challenge op 6th"]
[Site "Zuerich"]
[Date "2017.04.17"]
[Round "7"]
[White "Friedrich, Norbert"]
[Black "Perunovic, Milos"]
[Result "0-1"]
[WhiteElo "2250"]
[BlackElo "2611"]
[PlyCount "60"]
[EventDate "2017.04.13"]
[EventType "swiss"]
[EventRounds "9"]
[EventCountry "SUI"]
[SourceTitle "CBM 177 Extra"]
[Source "ChessBase"]
[SourceDate "2017.04.27"]
[SourceVersion "1"]
[SourceVersionDate "2017.04.27"]
[SourceQuality "1"]

1. e4 c5 2. c3 b6 3. d4 Bb7 4. Bd3 Nf6 5. Nd2 e6 6. Ngf3 cxd4 7. cxd4 Be7 8. 0-0 0-0 9. Re1 Ba6 10. Bb1 Nc6 11. a3 Rc8 12. b4 Re8 13. Bb2 Bf8 14. Ba2 d5 15. e5 Ne4 16. Nxe4 dxe4 17. Rxe4 Ne7 18. Ng5 h6 19. Nxe6 fxe6 20. Bxe6+ Kh8 21. d5 Rc4 22. Re3 Bc8 23. Bf7 Nf5 24. Rh3 Re7 25. e6 Rxf7 26. exf7 Rc7 27. Qh5 Kh7 28. Re1 Qxd5 29. Rc3 Bb7 30. Qg4 Rxf7 0-1

[Event "Oberliga Baden 1617"]
[Site "Baden"]
[Date "2017.01.15"]
[Round "4.4"]
[White "Friedrich, Norbert"]
[Black "Schmaltz, Roland"]
[Result "0-1"]
[WhiteElo "2262"]
[BlackElo "2490"]
[PlyCount "86"]
[EventDate "2016.10.16"]
[EventType "team-tourn"]
[EventRounds "9"]
[EventCountry "GER"]
[SourceTitle "EXT 2018"]
[Source "ChessBase"]
[SourceDate "2017.10.13"]
[SourceVersion "1"]
[SourceVersionDate "2017.10.13"]
[SourceQuality "1"]
[WhiteTeam "Waldshut Tiengen"]
[BlackTeam "Baden-Baden II"]
[WhiteTeamCountry "GER"]
[BlackTeamCountry "GER"]

1. e4 c5 2. Nf3 d6 3. Bb5+ Nc6 4. 0-0 Bd7 5. Re1 Nf6 6. c3 a6 7. Bf1 Bg4 8. h3 Bxf3 9. Qxf3 g6 10. d3 Bg7 11. Be3 Nd7 12. Nd2 b5 13. Qd1 0-0 14. Nf3 b4 15. Qa4 Qc7 16. d4 bxc3 17. bxc3 Rfc8 18. Rab1 Qa5 19. Qxa5 Nxa5 20. Rec1 e6 21. Nd2 Rc7 22. g3 Nc6 23. Nb3 Bf8 24. dxc5 dxc5 25. Nd2 Na5 26. Nc4 Nxc4 27. Bxc4 Rc6 28. Rd1 Nb6 29. Bf1 Na4 30. Rd7 Nxc3 31. Rbb7 Nb5 32. Bxb5 axb5 33. Rxf7 e5 34. Rxh7 c4 35. Bh6 Bxh6 36. Rxh6 c3 37. Rhh7 c2 38. Rbg7+ Kf8 39. Rf7+ Ke8 40. Re7+ Kd8 41. Rd7+ Kc8 42. Rdf7 c1Q+ 43. Kh2 Rc7 0-1

[Event "Oberliga Baden 1617"]
[Site "Baden"]
[Date "2016.12.04"]
[Round "3.2"]
[White "Filipovic, Branko"]
[Black "Friedrich, Norbert"]
[Result "1/2-1/2"]
[WhiteElo "2393"]
[BlackElo "2262"]
[PlyCount "89"]
[EventDate "2016.10.16"]
[EventType "team-tourn"]
[EventRounds "9"]
[EventCountry "GER"]
[SourceTitle "EXT 2018"]
[Source "ChessBase"]
[SourceDate "2017.10.13"]
[SourceVersion "1"]
[SourceVersionDate "2017.10.13"]
[SourceQuality "1"]
[WhiteTeam "Dreisamtal"]
[BlackTeam "Waldshut Tiengen"]
[WhiteTeamCountry "GER"]
[BlackTeamCountry "GER"]

1. d4 d5 2. Bf4 c5 3. e3 Nc6 4. Nf3 Nf6 5. Nbd2 cxd4 6. exd4 Bf5 7. c3 e6 8. Qb3 Qc8 9. Nh4 Be4 10. Nxe4 dxe4 11. g3 Nd5 12. Ng2 Be7 13. Rd1 0-0 14. Bc1 a6 15. Be2 b5 16. 0-0 Rd8 17. f3 exf3 18. Bxf3 Ra7 19. a3 Rad7 20. Kh1 Na5 21. Qc2 Nc4 22. Be4 Nf6 23. Bd3 Qc6 24. Rde1 h6 25. Qe2 Qd5 26. Kg1 Rc8 27. Nf4 Qc6 28. Nh5 Nxh5 29. Qxh5 Bf8 30. Be4 Qb6 31. Rf2 a5 32. Ref1 Nd6 33. Bc2 b4 34. axb4 axb4 35. Bd2 Ra7 36. Bd3 Rcc7 37. Qe2 bxc3 38. Bxc3 Qb3 39. Qh5 Rcb7 40. Bc2 Qc4 41. Rf3 Rb5 42. Qh3 Rb8 43. Qh5 Rb5 44. Qh3 Rb8 45. Qh5 1/2-1/2

[Event "Bad Woerishofen op 32nd"]
[Site "Bad Woerishofen"]
[Date "2016.03.01"]
[Round "5"]
[White "Pirrot, Dieter"]
[Black "Friedrich, Norbert"]
[Result "0-1"]
[WhiteElo "2380"]
[BlackElo "2209"]
[PlyCount "112"]
[EventDate "2016.02.26"]
[EventType "swiss"]
[EventRounds "9"]
[EventCountry "GER"]
[SourceTitle "CBM 171 Extra"]
[Source "ChessBase"]
[SourceDate "2016.04.26"]
[SourceVersion "1"]
[SourceVersionDate "2016.04.26"]
[SourceQuality "1"]

1. d4 d5 2. Nf3 Nf6 3. Bg5 Ne4 4. Bf4 c5 5. e3 Nc6 6. Bd3 Bf5 7. 0-0 e6 8. c4 dxc4 9. Bxc4 Be7 10. Nc3 0-0 11. Bd3 Nxc3 12. bxc3 Bxd3 13. Qxd3 cxd4 14. cxd4 Bd6 15. Ng5 g6 16. Qe4 Kg7 17. Rab1 Bxf4 18. Qxf4 Qe7 19. h4 h5 20. Rfc1 Rac8 21. Qe4 Rc7 22. Rb5 Rd8 23. Rbc5 Rcd7 24. Nh3 Rd5 25. Rxd5 Rxd5 26. Nf4 Ra5 27. Rc2 Qb4 28. Kh2 Qb1 29. f3 e5 30. d5 exf4 31. dxc6 bxc6 32. Qd4+ Kh7 33. Rxc6 Qb8 34. exf4 Rf5 35. g3 Qb5 36. Rc2 Qf1 37. Qxa7 Qxf3 38. a4 Qd3 39. Qc7 Qb3 40. Qc4 Qf3 41. a5 Kg8 42. a6 Rd5 43. Qc8+ Kg7 44. Qb7 Qd1 45. Qb2+ Kh7 46. a7 Rd8 47. Qa2 Kg7 48. Rf2 Qe1 49. Rg2 Rd1 50. Kh3 Qh1+ 51. Rh2 Qa8 52. Qb2+ Kh7 53. Qb8 Qf3 54. Qb2 Rg1 55. Rg2 Qf1 56. g4 hxg4+ 0-1

[Event "EU-Cup 31st"]
[Site "Skopje"]
[Date "2015.10.18"]
[Round "1.6"]
[White "Friedrich, Norbert"]
[Black "Bikady, Claude"]
[Result "0-1"]
[WhiteElo "2198"]
[BlackElo "1986"]
[PlyCount "128"]
[EventDate "2015.10.18"]
[EventType "team-swiss"]
[EventRounds "7"]
[EventCountry "MKD"]
[SourceTitle "CBM 169"]
[Source "ChessBase"]
[SourceDate "2015.11.10"]
[SourceVersion "1"]
[SourceVersionDate "2015.11.10"]
[SourceQuality "1"]
[WhiteTeam "Zuerich SG"]
[BlackTeam "Amaytos"]
[WhiteTeamCountry "SUI"]
[BlackTeamCountry "BEL"]

1. e4 e6 2. d4 d5 3. Nd2 c5 4. exd5 exd5 5. Ngf3 Nf6 6. Bb5+ Bd7 7. Bxd7+ Nbxd7 8. 0-0 Be7 9. dxc5 Nxc5 10. Nb3 Nce4 11. Nfd4 Qd7 12. f3 Nd6 13. Nc5 Qc7 14. Nd3 0-0 15. b3 Rfe8 16. Be3 Rac8 17. Qd2 a6 18. Rfe1 Qc3 19. Qxc3 Rxc3 20. Re2 Bd8 21. Rae1 Rxe3 22. Rxe3 Bb6 23. Kf1 Bxd4 24. R3e2 Rc8 25. Rd1 Nf5 26. Rde1 Bc3 27. Rc1 d4 28. Kf2 Ne3 29. Rb1 Nfd5 30. Rc1 Ba5 31. Kg1 Nb4 32. Nxb4 Bxb4 33. c4 f5 34. f4 Kf7 35. Kf2 Re8 36. Kf3 a5 37. h3 Bc5 38. Rd2 Re4 39. g3 h5 40. h4 g6 41. Rd3 Ng4 42. Rcd1 Re3+ 43. Rxe3 Nxe3 44. Rd2 Ke6 45. a3 Ba7 46. Ke2 a4 47. bxa4 Nxc4 48. Rc2 Kd5 49. Kd3 Nd6 50. Rc7 Bc5 51. Rg7 Ne4 52. Rxb7 Bxa3 53. Rd7+ Bd6 54. Rg7 Nc5+ 55. Kd2 Nxa4 56. Rxg6 Bb4+ 57. Kd1 Ke4 58. Re6+ Kd3 59. Ra6 Nc3+ 60. Ke1 Ne4+ 61. Kf1 Nxg3+ 62. Kg2 Ne4 63. Kf3 Kc3 64. Rc6+ Bc5 0-1

[Event "SUI-chT"]
[Site "Switzerland"]
[Date "2015.06.28"]
[Round "5.8"]
[White "Hauser, Roland"]
[Black "Friedrich, Norbert"]
[Result "0-1"]
[WhiteElo "2100"]
[BlackElo "2337"]
[PlyCount "56"]
[EventDate "2015.03.29"]
[EventType "team-tourn"]
[EventRounds "9"]
[EventCountry "SUI"]
[SourceTitle "EXT 2016"]
[Source "ChessBase"]
[SourceDate "2015.10.08"]
[SourceVersion "1"]
[SourceVersionDate "2015.10.08"]
[SourceQuality "1"]
[WhiteTeam "Neuchatel"]
[BlackTeam "Zuerich"]
[WhiteTeamCountry "SUI"]
[BlackTeamCountry "SUI"]

1. d4 d5 2. Bg5 h6 3. Bh4 c5 4. Nc3 Nc6 5. e3 cxd4 6. exd4 Bf5 7. Nf3 g5 8. Bg3 Bg7 9. Bb5 e6 10. Qe2 Nge7 11. 0-0 0-0 12. Rfd1 Bg4 13. Bxc6 Nxc6 14. Qe3 Rc8 15. Ne2 Nb4 16. Qb3 Bxf3 17. gxf3 Nxc2 18. Rab1 Qb6 19. Qxb6 axb6 20. a3 Rc4 21. Be5 Rfc8 22. Bxg7 Kxg7 23. Rd3 b5 24. Rbd1 b4 25. Rb3 Ra8 26. Rdd3 b5 27. Kf1 bxa3 28. bxa3 b4 0-1